Metal-Bands zuordnen (Europa) - Statistiken

Allgemein
  • Dieses Quiz wurde 379 mal gespielt
  • Das Durchschnittsergebnis liegt bei 8 aus 43
Antwortstatistiken
Hint Extra Hint Antwort % Korrekt
Rammstein Til Lindemann Deutschland
99%
Black Sabbath Ozzy Osbourne Vereinigtes Königreich
85%
Sabaton Joakim Brodén Schweden
59%
Korpiklaani Jonne Järvelä Finnland
47%
Gojira Joe Duplantier Frankreich
46%
Volbeat Michael Poulsen Dänemark
43%
Sólstafir Aðalbjörn Tryggvason Island
34%
Wind Rose Francesco Cavalieri Italien
32%
Behemoth Adam Darski Polen
32%
Jinjer Tatiana Shmailyuk Ukraine
29%
Slaughter to Prevail Alex Terrible Russland
27%
Within Temptation Sharon den Adel Niederlande
26%
Eluveitie Christian Glanzmann Schweiz
23%
Dimmu Borgir Shagrath Norwegen
22%
Ektomorf Zoltán Farkas Ungarn
19%
Metsatöll Markus Teeäär Estland
17%
Moonspell Fernando Ribeiro Portugal
16%
Laibach Milan Fras Slowenien
14%
Aborted Sven de Caluwe Belgien
12%
Primordial Alan Averill Irland
12%
Necrofilia Francesco Zazzi San Marino
11%
Mägo de Oz Rafa Blas Spanien
11%
Elita 5 Arif Ziberi Albanien
10%
Manntra Marko Matijević Sekul Kroatien
9%
Destiny Potato Aleksandra Radosavljevic Serbien
9%
Škwor Petr Hrdlička Tschechien
9%
Awakening Sun Ernestas Skripkiūnas Litauen
8%
Visions of Atlantis Michele Guaitoli Österreich
8%
Evoking Winds Alexandr Cherepanov Belarus
7%
Infected Rain Lena Scissorhands Moldawien
6%
Elysion Christianna Griechenland
5%
My Darkest Time Zarko Atanasov Nordmazedonien
5%
E-An-Na Andrei Oltean Rumänien
5%
Persefone Marc Martins Pia Andorra
4%
Odd Crew Vasko Raykov Bulgarien
4%
Scarlet Anger Joe Block Luxemburg
4%
Beheaded Frank Calleja Malta
4%
Elis Simone Christinat Liechtenstein
3%
Godkiller Duke Satanaël Monaco
3%
Zaimus Branko Jugović Montenegro
3%
Criminal Livio Berak Bosnien und Herzegowina
2%
SEVER Alexander Sipp Lettland
2%
Signum Regis Jota Fortinho Slowakei
2%
Keine übereinstimmenden Quizze gefunden
Verteilung der Resultate
Anzahl Personen mit jedem Resultat
Perzentil nach korrekt beantworteten Fragen
Ihre Resultats-Entwicklung
Sie haben dieses Quiz noch nicht gespielt